00759nam a2200229 a 4500003000900000005001700009008004100026040001300067100002300080245004000103260007300143300001000216500009800226650002600324650002200350650001500372650002900387653002300416655001500439700003800454700003700492AR-BaBNM20251128205507.0082120s2002 ||||||||||||||000 | spa|| cAR-BaBNM1 aOrbit Negri, Ethel00aDon Juan, de Azorín ¿una novela? aLa PlatabFacultad de Humanidades y Ciencias de la Educaciónc1981 a76 p. aLa presente obra obtuvo el 1er. premio en el certamen de ensayo "Guillermo E. Hudson" de 1979 4aLITERATURA ESPAÑOLA 4aCRITICA LITERARIA 4aESCRITORES 4aLITERATURA CONTEMPORANEA aINFLUENCIA CLASICA aLITERATURA1 aLorenzo de Defelitto, Ana María1 aGhiano, Juan Carloseprologuista